000 00994nam a2200277Ia 4500
003 OSt
005 20221005111709.0
006 a|||||r|||| 00| 0
007 ta
008 221004b |||||||| |||| 00| 0 hin d
020 _cIndian Rupees 200
024 _a41063
037 _bGift, 08/01/2019,
_cTextual
040 _aCRL
_cCRL
_bhin
041 _2hin
_ahin
082 _aO152,1x, P6
100 _aबेचैन, कुॅंअर, ले.
245 0 _aडॉ0 कुॅंअर बेचैन के नवगीत
246 _aḌaॉ0 kuॅanar bechain ke navagīta
260 _aबिजनौर
_bहिन्दी साहित्य निकेतन भारत
_c2006
300 _a200पृ0
_ccm.
650 _a हिन्दी साहित्य
650 _aहिन्दी कविता
942 _hO152,1x, P6
_cTEXL
_2cc
999 _c1022619
_d1022619